O olho do lobo (Registo nº 2086)

Detalhes MARC
000 -Etiqueta do registo
Cabeçalho 00972nam a22003251 4500
005 - Identificador da versão
Campo de controlo 20240813121924.0
095 ## -
-- PTBN00902227
010 ## - Número internacional normalizado dos livros (ISBN)
Número (ISBN) 9727101534
021 ## - Número do Depósito Legal
Código do país PT
Número 104901/96
100 ## - Dados gerais de processamento
Dados gerais de processamento 19980609d1996 d y0pory5003 ba
102 ## - Pais de publicação ou produção
País de publicação Portugal
101 1# - Língua de publicação
Língua do texto, banda sonora, etc. Português
Língua do documento no original Francês
106 ## - Campo de dados codificados: material textual
Dados codificados do material textual r
105 ## - Campo de dados codificados: livros
Dados codificados dos livros a z 001ay
215 ## - Descrição física 
Indicação específica da natureza do documento e extensão da espécie 150, [5] p.
Outras indicações físicas il.
Dimensões 19 cm
200 1# - Titulo e menção de responsabilidade
Título próprio O olho do lobo
Primeira menção de responsabilidade Daniel Pennac
Outras menções de responsabilidade il. Jacques Ferrandez
-- trad. Maria Filomena Duarte
225 2# - Colecção 
Título próprio da colecção Lua nova
Nome de uma parte ou secção Aventura
Indicação de volume 1
205 ## - Menção da edição
Menção da edição 1ª ed.
210 ## - Publicação, Distribuição, etc. 
Lugar da edição, distribuição, etc. Lisboa
Nome do editor, distribuidor, etc. Terramar
Data da publicação, distribuição, etc. 1996
304 ## - Notas relativas a título e menção de responsabilidade 
Texto da nota Tít. orig.: L'oeil du loup
606 ## - Nome comum usado como assunto
Número de registo de entrada de autoridade 0000229
Palavra de ordem Literatura estrangeira infanto-juvenil
Subdivisão de assunto Romance de aventuras
675 ## - Classificação Decimal Universal (CDU)
Notação 82-311.3
Edição
Língua da edição por
702 #1 - Nome de autor-pessoa física (responsabilidade secundária)
Número de registo de entrada de autoridade 0000825
Palavra de ordem Ferrandez
Outra parte do nome não tomada para palavra de ordem Jacques
Código de função Ilustrador / Técnico de desenho computorizado
Número de registo de entrada de autoridade 0000826
Palavra de ordem Duarte
Outra parte do nome não tomada para palavra de ordem Maria Filomena
Código de função Tradutor
700 #1 - Nome de autor-pessoa física (responsabilidade principal)
Número de registo de entrada de autoridade 0000824
Palavra de ordem Pennac
Outra parte do nome não tomada para palavra de ordem Daniel
Datas 1944-
942 ## - Elementos de entrada adicionados (Koha)
Tipo de item no Koha Livro
Exemplares
Situação do levantamento Origin of item (home branch) (coded) Biblioteca de empréstimo Código de barras Cota Circulation type (not for loan) Tipo de documento Nota do exemplar Damaged status
  Biblioteca Escolar da Coca Maravilhas Biblioteca Escolar da Coca Maravilhas BECM3625/98 8EST PEN   Livro Sem mensagem